000 00493nam a2200181Ia 4500
003 GCL
008 140319s9999 xx 000 0 ara d
040 _aGCL /
_cGCL
082 0 4 _a813.009
_bف ق
100 1 _aفؤاد دواره
245 1 0 _aفى القصة القصيرة /
_cفؤاد دواره
300 _a219 ص
490 _aالالف كتاب
_v0
650 0 4 _aالادب العربى
650 0 4 _aالقصص القصيرة
650 0 4 _aالمجموعات
942 _2ddc
_cBK
999 _c42824
_d42824